[Event "Olympiad Women-43"]
[Site "Batumi"]
[Date "2018.10.04"]
[Round "10.1"]
[White "Smith, Olivia"]
[Black "Wang, Chengjia"]
[Result "1-0"]
[WhiteElo "2013"]
[BlackElo "2050"]
[PlyCount "120"]
[EventDate "2018.09.24"]
[EventType "team-swiss"]
[EventRounds "11"]
[EventCountry "GEO"]
[SourceTitle "EXT 2020"]
[Source "ChessBase"]
[SourceDate "2019.10.17"]
[SourceVersion "1"]
[SourceVersionDate "2019.10.17"]
[SourceQuality "1"]
[WhiteTeam "Wales (W)"]
[BlackTeam "South Korea (W)"]
[WhiteTeamCountry "WLS"]
[BlackTeamCountry "KOR"]

1. e4 d5 2. exd5 Qxd5 3. Nc3 Qd6 4. d4 Nf6 5. Nf3 Bg4 6. h3 Bh5 7. g4 Bg6 8. Ne5 Nbd7 9. Nxg6 hxg6 10. Bg2 c6 11. Be3 Nb6 12. Qd3 0-0-0 13. 0-0-0 Qb4 14. a3 Qa5 15. Bd2 e5 16. d5 e4 17. Nxe4 Qxd5 18. Qxd5 Nfxd5 19. Ng5 Rd7 20. f4 Bd6 21. Rhf1 Re8 22. f5 gxf5 23. Rxf5 f6 24. Ne4 Be5 25. b3 Red8 26. Rdf1 Bd4 27. R5f3 Re7 28. Rd3 Be5 29. c4 Nc7 30. Rxd8+ Kxd8 31. Bb4 Re8 32. Rd1+ Kc8 33. Nd6+ Bxd6 34. Rxd6 Re3 35. Kc2 Ne6 36. Bd2 Re5 37. h4 Kc7 38. Rd3 c5 39. Bc3 Re2+ 40. Rd2 Rxd2+ 41. Kxd2 Nd7 42. Ke3 b6 43. Bd5 Kd6 44. Ke4 Nc7 45. Bg8 Ke7 46. Bd2 Kf8 47. Bd5 Ke7 48. Bf4 Ne6 49. Be3 Ne5 50. g5 Nf7 51. Kf5 Nd6+ 52. Kg4 fxg5 53. Bxe6 Kxe6 54. Kxg5 Ne8 55. Bf4 Ke7 56. Bb8 Kd7 57. Kg6 a6 58. Be5 b5 59. Bxg7 bxc4 60. bxc4 Nd6 1-0

[Event "Olympiad Women-43"]
[Site "Batumi"]
[Date "2018.10.01"]
[Round "7.29"]
[White "Wang, Chengjia"]
[Black "Gomez Barrera, Javiera Belen"]
[Result "1/2-1/2"]
[WhiteElo "2050"]
[BlackElo "2035"]
[PlyCount "132"]
[EventDate "2018.09.24"]
[EventType "team-swiss"]
[EventRounds "11"]
[EventCountry "GEO"]
[SourceTitle "EXT 2020"]
[Source "ChessBase"]
[SourceDate "2019.10.17"]
[SourceVersion "1"]
[SourceVersionDate "2019.10.17"]
[SourceQuality "1"]
[WhiteTeam "South Korea (W)"]
[BlackTeam "Chile (W)"]
[WhiteTeamCountry "KOR"]
[BlackTeamCountry "CHI"]

1. e4 e5 2. Nf3 Nc6 3. Bc4 Bc5 4. c3 Nf6 5. d3 a6 6. Bb3 Ba7 7. 0-0 d6 8. Nbd2 0-0 9. h3 h6 10. Re1 Nh5 11. d4 Qf6 12. Nxe5 dxe5 13. Qxh5 exd4 14. Nf3 Be6 15. Bc2 Qg6 16. Qh4 Rad8 17. cxd4 Nxd4 18. Bd1 Nxf3+ 19. Bxf3 Bd4 20. e5 Bd5 21. Be4 Qc6 22. Bg5 f6 23. exf6 Bxf6 24. Bxd5+ Qxd5 25. Bxf6 Rxf6 26. Rad1 Qxd1 27. Rxd1 Rxd1+ 28. Kh2 Rd2 29. Qc4+ Rf7 30. f3 Rxb2 31. Qe6 Rb6 32. Qd5 Rb5 33. Qd8+ Kh7 34. Qe8 Rf6 35. h4 Rbb6 36. h5 Rbe6 37. Qc8 Re5 38. Qxb7 Rxh5+ 39. Kg1 Rg5 40. Kf2 Rfg6 41. g4 c5 42. Qe4 h5 43. gxh5 Rxh5 44. a3 Rh2+ 45. Ke3 Rh1 46. Qf5 c4 47. Kd4 Rh4+ 48. f4 Kh6 49. Qf8 Rgg4 50. Qh8+ Kg6 51. Qe8+ Kh7 52. Qe4+ Kh6 53. Qe6+ g6 54. Kxc4 Rxf4+ 55. Kc5 Rh5+ 56. Kb6 Kg7 57. Qd7+ Rf7 58. Qd4+ Rf6+ 59. Kc7 Rh7 60. Kd8 Rh8+ 61. Ke7 Rhf8 62. a4 R8f7+ 63. Ke8 Kg8 64. Qc4 Kg7 65. Qd4 Kg8 66. Qc4 Kg7 1/2-1/2

[Event "Olympiad Women-43"]
[Site "Batumi"]
[Date "2018.09.25"]
[Round "2.38"]
[White "Terao, Juliana Sayumi"]
[Black "Wang, Chengjia"]
[Result "1-0"]
[WhiteElo "2255"]
[BlackElo "2050"]
[PlyCount "113"]
[EventDate "2018.09.24"]
[EventType "team-swiss"]
[EventRounds "11"]
[EventCountry "GEO"]
[SourceTitle "EXT 2020"]
[Source "ChessBase"]
[SourceDate "2019.10.17"]
[SourceVersion "1"]
[SourceVersionDate "2019.10.17"]
[SourceQuality "1"]
[WhiteTeam "Brazil (W)"]
[BlackTeam "South Korea (W)"]
[WhiteTeamCountry "BRA"]
[BlackTeamCountry "KOR"]

1. e4 d5 2. exd5 Qxd5 3. Nc3 Qd6 4. Nf3 Nf6 5. d4 Bg4 6. Be2 e6 7. 0-0 Nbd7 8. h3 Bh5 9. Be3 a6 10. Rb1 h6 11. Nd2 Bxe2 12. Qxe2 Nb6 13. Qf3 c6 14. Nce4 Nxe4 15. Nxe4 Qd5 16. b3 0-0-0 17. c4 Qf5 18. Qxf5 exf5 19. Ng3 g6 20. d5 Nd7 21. dxc6 bxc6 22. Rbd1 Bc5 23. Bd2 Ne5 24. Bc3 Rhe8 25. b4 Bd6 26. c5 Bc7 27. Rfe1 Re6 28. Rxd8+ Kxd8 29. Rd1+ Kc8 30. Kf1 f4 31. Ne2 f3 32. Nd4 fxg2+ 33. Kxg2 Re8 34. Re1 Kd7 35. Bd2 h5 36. Rd1 Kc8 37. Bg5 Kb7 38. Re1 Rf8 39. Be7 Rc8 40. Bd6 Nd3 41. Re7 Nxb4 42. Rxf7 Kb8 43. Ne6 Nd5 44. Rg7 a5 45. Nxc7 Nxc7 46. Rxg6 Ka8 47. f4 Nd5 48. Kf3 Nc3 49. f5 Nb5 50. f6 Nxd6 51. cxd6 Rf8 52. Ke4 Kb7 53. Rg7+ Kc8 54. Kf5 c5 55. Ke6 c4 56. f7 c3 57. Rg3 1-0

[Event "Olympiad Women-42"]
[Site "Baku"]
[Date "2016.09.04"]
[Round "3.33"]
[White "Goossens, Hanne"]
[Black "Wang, Chengjia"]
[Result "1/2-1/2"]
[WhiteElo "2149"]
[BlackElo "2017"]
[PlyCount "226"]
[EventDate "2016.09.02"]
[EventType "team-swiss"]
[EventRounds "11"]
[EventCountry "AZE"]
[SourceTitle "CBM 174 Extra"]
[Source "ChessBase"]
[SourceDate "2016.10.10"]
[SourceVersion "1"]
[SourceVersionDate "2016.10.10"]
[SourceQuality "1"]
[WhiteTeam "Belgium (W)"]
[BlackTeam "South Korea (W)"]
[WhiteTeamCountry "BEL"]
[BlackTeamCountry "KOR"]

1. e4 d5 2. exd5 Qxd5 3. Nc3 Qa5 4. d4 Nf6 5. Nf3 Bf5 6. Bc4 c6 7. Bd2 Qc7 8. Ne5 e6 9. g4 Bg6 10. Qe2 Nbd7 11. Nxd7 Kxd7 12. 0-0-0 Re8 13. f4 Bd6 14. Qf3 Kc8 15. Rhe1 h5 16. h3 hxg4 17. hxg4 Rh4 18. f5 exf5 19. Rxe8+ Nxe8 20. gxf5 Bh5 21. Qe3 Nf6 22. Rf1 Qb6 23. Bb3 Rxd4 24. Qf2 Rg4 25. Be3 Qa5 26. Rd1 Bg3 27. Qd2 Bc7 28. Rf1 Qe5 29. a3 Ne4 30. Qd3 Ng3 31. Re1 Qxf5 32. Qxf5+ Nxf5 33. Bc5 b6 34. Bf8 g5 35. Ne4 Bg6 36. Nf6 Rd4 37. Bb4 Bg3 38. Rh1 Ne3 39. Bc3 Rd8 40. Kb1 Rd1+ 41. Rxd1 Nxd1 42. Bd2 Bh4 43. Ng4 Bf5 44. Nh6 Bd7 45. Bxf7 Nf2 46. Bg6 g4 47. Nf5 Bf6 48. Bf4 Kd8 49. Kc1 Nh3 50. Bg3 Be6 51. Ne3 Bg5 52. Kd2 Nf4 53. Be4 Nd5 54. Bxd5 Bxd5 55. Kd3 Be6 56. Ke4 Ke7 57. b3 Kd7 58. Nf5 Bd5+ 59. Ke5 Bd8 60. Kf4 Bf3 61. Ke3 Bg5+ 62. Kd3 Ke6 63. Nd4+ Kd7 64. Nxf3 gxf3 65. Ke4 Ke6 66. Kxf3 Kd5 67. Bb8 a6 68. Bc7 b5 69. Ke2 Be7 70. a4 bxa4 71. bxa4 Kc4 72. Ba5 Bb4 73. Bd8 Kc3 74. Kd1 Kb2 75. a5 Ka3 76. Kc1 Ka4 77. Kb2 Bxa5 78. Be7 Bb4 79. Bd8 c5 80. Bg5 Be1 81. Bf6 Kb4 82. Be5 Kc4 83. Bf6 Bf2 84. c3 Be1 85. Bg7 Kd3 86. Bf6 c4 87. Bg7 Bg3 88. Bf6 Ke4 89. Bd8 Be5 90. Kc2 Kd5 91. Bb6 Kc6 92. Ba5 Bc7 93. Bb4 Bd6 94. Ba5 Kb5 95. Bd8 a5 96. Bf6 a4 97. Kb2 Kc6 98. Bg7 Kd5 99. Bf6 Ke4 100. Bg7 a3+ 101. Ka2 Kd3 102. Bf6 Kc2 103. Bg7 Bc7 104. Kxa3 Ba5 105. Ka2 Bxc3 106. Bf8 Bd2 107. Bg7 Kd3 108. Kb1 Be3 109. Bf6 Bd2 110. Bg7 Bc3 111. Bf8 Kd2 112. Bh6+ Kd1 113. Bf8 Be5 1/2-1/2

[Event "Olympiad Women-41"]
[Site "Tromsoe"]
[Date "2014.08.14"]
[Round "11.1"]
[White "Wang, Chengjia"]
[Black "Menon Jayadev, Poornima"]
[Result "1-0"]
[WhiteElo "1989"]
[BlackElo "1935"]
[PlyCount "37"]
[EventDate "2014.08.02"]
[EventType "team-swiss"]
[EventRounds "11"]
[EventCountry "NOR"]
[SourceTitle "CBM 162"]
[Source "ChessBase"]
[SourceDate "2014.09.17"]
[SourceVersion "1"]
[SourceVersionDate "2014.09.17"]
[SourceQuality "1"]
[WhiteTeam "South Korea (W)"]
[BlackTeam "Ireland (W)"]
[WhiteTeamCountry "KOR"]
[BlackTeamCountry "IRL"]

1. d4 d5 2. c4 e6 3. Nc3 Nf6 4. Nf3 Be7 5. Bg5 Nbd7 6. e3 0-0 7. Bd3 b6 8. Ne5 Bb7 9. 0-0 c5 10. Qf3 cxd4 11. exd4 Qc8 12. cxd5 Nxd5 13. Nxd5 Bxg5 14. Qh5 h6 15. f4 Nxe5 16. fxg5 Bxd5 17. gxh6 Nxd3 18. Qg5 g6 19. Qf6 1-0

[Event "CHN-chT"]
[Site "China"]
[Date "2013.12.22"]
[Round "20.2"]
[White "Wang, Chengjia"]
[Black "Ding, Yixin"]
[Result "0-1"]
[WhiteElo "1963"]
[BlackElo "2427"]
[PlyCount "70"]
[EventDate "2013.04.30"]
[EventType "team-tourn"]
[EventRounds "22"]
[EventCountry "CHN"]
[SourceTitle "EXT 2015"]
[Source "ChessBase"]
[SourceDate "2014.11.20"]
[SourceVersion "1"]
[SourceVersionDate "2014.11.20"]
[SourceQuality "1"]
[WhiteTeam "Hubei"]
[BlackTeam "Zhejiang"]
[WhiteTeamCountry "CHN"]
[BlackTeamCountry "CHN"]

1. e4 c5 2. Nf3 e6 3. d4 cxd4 4. Nxd4 a6 5. Nc3 Qc7 6. a3 Nf6 7. Be2 b5 8. 0-0 Bb7 9. Bf3 d6 10. Be3 Nbd7 11. Nb3 Be7 12. Bd4 0-0 13. Qe2 Nc5 14. Nd2 e5 15. Be3 h6 16. Rfd1 Rfe8 17. g3 Rac8 18. Bg2 Qb8 19. Rac1 Qa8 20. Bxc5 Rxc5 21. Nb3 Rxc3 22. bxc3 Nxe4 23. Bxe4 Bxe4 24. Nd2 Bb7 25. c4 bxc4 26. Qxc4 d5 27. Qb3 d4 28. Ra1 e4 29. Nc4 e3 30. Nb6 exf2+ 31. Kxf2 Qd8 32. Rd3 Bc5 33. Na4 Qf6+ 34. Kg1 Re2 35. Rf1 Rg2+ 0-1

[Event "Olympiad Women-40"]
[Site "Istanbul"]
[Date "2012.09.04"]
[Round "7.1"]
[White "Ptacnikova, Lenka"]
[Black "Wang, Chengjia"]
[Result "1-0"]
[WhiteElo "2281"]
[BlackElo "1988"]
[PlyCount "63"]
[EventDate "2012.08.28"]
[EventType "team-swiss"]
[EventRounds "11"]
[EventCountry "TUR"]
[SourceTitle "CBM 150 Extra"]
[Source "ChessBase"]
[SourceDate "2012.10.19"]
[SourceVersion "1"]
[SourceVersionDate "2012.10.19"]
[SourceQuality "1"]
[WhiteTeam "Iceland (W)"]
[BlackTeam "South Korea (W)"]
[WhiteTeamCountry "ISL"]
[BlackTeamCountry "KOR"]

1. Nf3 d5 2. g3 g6 3. Bg2 Bg7 4. d4 Nf6 5. c4 c6 6. cxd5 Nxd5 7. 0-0 0-0 8. e4 Nb6 9. h3 N8d7 10. Nc3 Nf6 11. b3 Bd7 12. Be3 Ne8 13. Rc1 Nc7 14. Qe2 f5 15. Ne5 Be6 16. Rfd1 fxe4 17. Nxe4 Ncd5 18. Bd2 a5 19. Nc5 Bc8 20. a3 Qc7 21. Qe1 Bf5 22. Bxa5 Rxa5 23. Qxa5 Bxe5 24. dxe5 Qxe5 25. Nxb7 Be4 26. Qe1 Qc7 27. Qxe4 Qxb7 28. Qe6+ Kh8 29. Rxc6 Rf6 30. Rxb6 Qxb6 31. Qxd5 Qxf2+ 32. Kh2 1-0

[Event "Olympiad Women-40"]
[Site "Istanbul"]
[Date "2012.08.28"]
[Round "1.1"]
[White "Wang, Chengjia"]
[Black "Cori Tello, Deysi Estella"]
[Result "0-1"]
[WhiteElo "1988"]
[BlackElo "2413"]
[PlyCount "58"]
[EventDate "2012.08.28"]
[EventType "team-swiss"]
[EventRounds "11"]
[EventCountry "TUR"]
[SourceTitle "CBM 150 Extra"]
[Source "ChessBase"]
[SourceDate "2012.10.19"]
[SourceVersion "1"]
[SourceVersionDate "2012.10.19"]
[SourceQuality "1"]
[WhiteTeam "South Korea (W)"]
[BlackTeam "Peru (W)"]
[WhiteTeamCountry "KOR"]
[BlackTeamCountry "PER"]

1. e4 e6 2. d4 d5 3. Nd2 Nf6 4. e5 Nfd7 5. Ngf3 c5 6. c3 Nc6 7. Bb5 Qb6 8. Bxc6 bxc6 9. 0-0 Be7 10. Re1 0-0 11. Nb3 cxd4 12. Nbxd4 Nc5 13. Be3 Qc7 14. Qc2 Bb7 15. c4 Qd7 16. Rad1 Ne4 17. Nd2 Nxd2 18. Bxd2 c5 19. Re3 cxd4 20. Rh3 g6 21. Bh6 dxc4 22. Bxf8 Qd5 23. Rg3 Bxf8 24. b3 c3 25. f4 Rc8 26. Rgd3 Ba6 27. Rh3 d3 28. Rhxd3 Bxd3 29. Rxd3 Qxd3 0-1